000 00336 a2200157 4500
001 72308
020 _a859900722X
040 _cAnchieta - Colégio São Paulo
100 _aGouveia, Luis Augusto
240 1 0 _aLucas
_lpor
245 1 0 _aLucas
300 _a39
362 0 _a2005
650 4 _aLiteratura infanto-juvenil
942 _cBK
999 _c72308
_d72308